Air power and warfare : a century of theory and history /

Bibliographic Details
Main Author: Biddle, Tami Davis, 1959- (Author)
Format: Government Document eBook
Language:English
Published: Carlisle, PA : Strategic Studies Institute and U.S. Army War College Press, 2019.
Subjects:
Online Access:https://purl.fdlp.gov/GPO/gpo127943

MARC

Tag First Indicator Second Indicator Subfields
LEADER 00000cam a2200000 i 4500
001 in00004097513
005 20211120103232.0
006 m o d f
007 cr |||||||||||
008 191106s2019 pau ob f000 0 eng c
020 |z 9781584878056 
020 |z 1584878053 
035 |a (OCoLC)on1126542946 
042 |a pcc 
040 |a GPO  |b eng  |e rda  |e pn  |c GPO  |d MvI 
049 |a WWW 
074 |a 0307-A-31 (online) 
086 0 |a D 101.146:AI 7 
100 1 |a Biddle, Tami Davis,  |d 1959-  |e author. 
245 1 0 |a Air power and warfare :  |b a century of theory and history /  |c Tami Davis Biddle. 
264 1 |a Carlisle, PA :  |b Strategic Studies Institute and U.S. Army War College Press,  |c 2019. 
300 |a 1 online resource (xv, 82 pages) 
336 |a text  |b txt  |2 rdacontent 
337 |a computer  |b c  |2 rdamedia 
338 |a online resource  |b cr  |2 rdacarrier 
500 |a "March 2019." 
504 |a Includes bibliographical references (pages 69-82). 
588 |a Description based on online resource, PDF version; title from title page (SSI, viewed November 6, 2019). 
650 0 |a Air power  |x History. 
650 0 |a Air warfare  |x History. 
710 2 |a Army War College (U.S.).  |b Strategic Studies Institute,  |e publisher. 
710 2 |a Army War College (U.S.).  |b Press,  |e publisher. 
776 0 8 |i Print version:  |a Biddle, Tami Davis, 1959-  |t Air power and warfare  |z 9781584878056  |w (OCoLC)1126542952 
856 4 0 |u https://purl.fdlp.gov/GPO/gpo127943  |t 0 
999 f f |s 6aa64bc3-d537-3c0a-9c9c-25e815ce0b06  |i edadc69d-39cd-37c2-ba50-aaca9b4e4dd3  |t 0 
952 f f |a Texas A&M University  |b College Station  |c Electronic Resources  |d Available Online  |t 0  |e D 101.146:AI 7  |h Superintendent of Documents classification 
998 f f |a D 101.146:AI 7  |t 0  |l Available Online